Statystyki dla Państwa, przez które przebiegają Andy

Kliknij tutaj aby rozwiązać quiz!

Ogólne statystyki

  • Ten quiz został rozwiązany 11 491 razy
  • Średni wynik to 7 z 7

Statystyki odpowiedzi

Kraj% Poprawnych
Chile
99%
Argentyna
97%
Peru
94%
Kolumbia
93%
Boliwia
91%
Ekwador
88%
Wenezuela
88%

Rozkład punktacji

Percentyl według liczby udzielonych odpowiedzi

Procent ludzi z każdym wynikiem

Twoja historia wyników

Nie rozwiązałeś tego quizu